000 00658nam a22002177a 4500
999 _c5803
_d5803
003 AR-CdUCM
008 190313b ||||| |||| 00| 0 spa d
040 _aMUNICIPALIDAD PROVINCIAL DEL CUSCO
_cBIBLIOTECA MUNICIPAL DEL CUSCO
082 _a869.59 /
_bL65
100 _aLévano, César
_95418
245 _aTono peregrino /
260 _aLima :
_bEdit. Gráf. Labor,
_c1965.
300 _a65 paginas ;
_bIlustraciones,
_c17 cm.
500 _aDonación familia Nieto
505 _aContenido :Música Popular /
650 _aLiteratura peruana
_9169
650 _aPoesía
_9139
650 _aMúsica Popular
_917212
942 _2ddc
_cLIBROS
945 _arjall